| 000 | 00658nam a22001937a 4500 | ||
|---|---|---|---|
| 005 | 20251108174556.0 | ||
| 008 | 250721s2008 xx 000 0 ara d | ||
| 082 | 1 | 4 | _a371.92/ضمد |
| 100 | 1 |
_aالضمد، عبد الستار جبار _eمؤلف |
|
| 245 | 1 | 0 | _aالتربية البدنية للمتخلفين عقليا القابلين للتعلم / |
| 264 | 1 |
_aعمان : _bدار البداية ناشرون وموزعون، _c2008. |
|
| 300 | _a267 ص. | ||
| 650 | 1 | 7 | _aالتربيه البدنيه |
| 650 | 1 | 7 | _aالتربيه |
| 650 | 1 | 7 | _aالالعاب |
| 650 | 1 | 7 | _aالتخلفون عقلياً |
| 942 |
_2ddc _cBK |
||
| 999 |
_c112673 _d112673 |
||